Clash of Clans Defensive - Statistiken

Allgemein
  • Dieses Quiz wurde 48 mal gespielt
  • Das Durchschnittsergebnis liegt bei 20 aus 47
Antwortstatistiken
Level Antwort % Korrekt
2 Bogenschützenturm
100%
2 Bogenschützenturm
100%
1 Kanone
100%
1 Kanone
100%
3 Bombe
80%
3 Mine
76%
10 Infernoturm
73%
5 Magierturm
73%
3 Minenwerfer
66%
4 Sprungfalle
66%
3 Sprungfalle
66%
9 X-Bogen
63%
10 X-Bogen
63%
4 Luftabwehr
61%
6 Riesenbombe
61%
6 Luftfeger
46%
5 Luftbombe
44%
8 Bombenturm
39%
2 Doppelkanone
37%
5 Multimörser
34%
8 Skelettfalle
34%
13 Streukatapult
34%
11 Tornadofalle
34%
3 Verborgener Teasla
34%
7 Verborgener Tesla
34%
15 Zauberturm
34%
15 Monolith
32%
7 Suchende Luftmine
32%
8 Megatesla
29%
16 Multi-Bogenschützenturm
29%
9 Lavawerfer
22%
16 Querschläger-Kanone
22%
6 Brutzler
20%
17 Feuerspeier
17%
17 Gigabombe
17%
4 Luftbomben
17%
7 Riesenkanone
17%
18 Supermagier-Turm
17%
18 Vergeltungsturm
17%
14 Bauhütte
15%
3 Kracher
15%
4 Megamine
15%
17 Multi-Entwicklungs-Turm
15%
3 Zerschmetterer
15%
11 Adleratillerie
12%
2 Stoßfalle
12%
4 Wachposten
12%
Keine übereinstimmenden Quizze gefunden
Verteilung der Resultate
Anzahl Personen mit jedem Resultat
Perzentil nach korrekt beantworteten Fragen
Ihre Resultats-Entwicklung
Sie haben dieses Quiz noch nicht gespielt